| 000 | 00510nam a2200169Ia 4500 | ||
|---|---|---|---|
| 005 | 20250307013755.0 | ||
| 008 | 240331s9999 xx 000 0 und d | ||
| 020 | _a1932705481 | ||
| 082 |
_bGUN _a954 |
||
| 100 | _aGunawardena, C.A | ||
| 245 | 0 | _aEncyclopedia of Sri Lanka | |
| 250 | _a2nd | ||
| 260 |
_aNugegoda _bSarasavi Bookshop (Pvt) Ltd _c2005 |
||
| 300 | _aXii, 399 p ., | ||
| 500 | _aIt is an A to Z guide, a comprehensive general encyclopaedia covering almost every aspect of Sri Lanka, | ||
| 942 | _cL | ||
| 999 |
_c3231 _d3231 |
||